000 01066nam a2200313 a 4500
001 vtls000195519
003 NLI
005 20210602113026.0
008 101125s1969 ne 000 0 eng
020 _cRs. 98.00
039 9 _y201011252319
_zVLOAD
040 0 _aNLI
_beng
_cDatasoft 1
_eAACR2
041 0 _aeng
044 _ane
082 0 4 _a332.4
100 1 _aBos, P. C.
_q(Pieter Cornelis),
_d1939-
_9374398
245 1 0 _aMoney in development. :
_bthe functions of money in equilibrium and disequilibrium. with special reference to developing countries /
_cP. C. Bos
260 _aRotterdam :
_bRotterdam University Press,
_c1969
300 _avi, 183 p. ;
_c23 cm.
650 0 _aMoney
_zDeveloping countries
_9362479
650 0 _aMoney
650 0 _aMoney
_zArgentina
_9374399
887 _a
901 _a404167
_b15.2.1972
902 _aE 332.4 B 65
942 _2ddc
_cBKS
949 _AVIRTUAITEM
_D10000
_X100
_6PUR000404167ENG
999 _aVIRTUA40
_c200026
_d200026
999 _aVTLSSORT0080*0200*0400*0410*0440*0820*1000*2450*2600*3000*6500*6501*6502*9010*9020*9490*9991